LEADER 00625nam a2200181 i 4500 001 000000103089 003 CaOOAMICUS 005 20260407163315.0 008 010914s1975 it u000 u ita u 040 $aSeMil$bita 245 10$a9: Libe-Med. 300 $a1045 p. 773 0 $aBattaglia, Salvatore <1904-1971>$tGrande dizionario della lingua italiana.$dTorino : UTET, 1961-2009.$g9$w()6614 850 $aSeMil 852 $aSeMil$W1$xVenegono$y1$mSL1.A V 9$j269815$B59550$CSeMilBibl$Z2$F44039 $8I 961 $aSottoscrizione: UTET (Agente) 996 $6245$a9: Libe-Med$9(OLS)http://semarc/title/149826